00422cam a22001697 4500001001300000003000400013005001700017008004100034010001700075040001800092050001200110100002300122245003800145260004200183300001000225999001700235ltf90003137 DLC20260227111550.0901025s1929 ii 000 0 eng  altf90003137  aDLCcDLCdDLC00a4BJ 3591 aKrause, Charlotte.13aAn interpretation of Jain ethics. aBhavnagar (Kathiawar)bP. Ved,c1929. a37 p. c37321d37321